000 00246nam a2200097Ia 4500
001 1210999
005 20250827024428.0
008 250824s9999 xx 000 0 und d
245 0 _aŞAİRLER ŞEHRİ B3
_cBUKET UZUNER
260 _bEVEREST YAYINLARI
999 _c1210999
_d1210999